El medio divino: ensayo de vida interior
Zapisane w:
| 1. autor: | |
|---|---|
| Format: | Książka |
| Język: | hiszpański |
| Wydane: |
Madrid
Taurus
1959
|
| Wydanie: | 1a. ed |
| Hasła przedmiotowe: | |
| Etykiety: |
Dodaj etykietę
Nie ma etykietki, Dołącz pierwszą etykiete!
|
MARC
| LEADER | 00000cam a2200000 a 4500 | ||
|---|---|---|---|
| 001 | UCY5640 | ||
| 003 | CL-VaPUC | ||
| 008 | 950512e19590000SP |||||||||||||||||spa|d | ||
| 082 | 0 | 4 | |a 200.1 |b TEI |2 21 |
| 100 | 0 | |a Teilhard de Chardin, Pierre |e author |9 315457 | |
| 245 | 1 | 3 | |a El medio divino: ensayo de vida interior |
| 250 | |a 1a. ed | ||
| 300 | |a 176 p | ||
| 942 | |c BK | ||
| 945 | |d 19950512 00:00:00 |a mfernand | ||
| 260 | |a Madrid |b Taurus |c 1959 | ||
| 600 | 0 | |a Jesús |9 313614 | |
| 650 | 0 | |a Vida espiritual |9 307811 | |
| 650 | 0 | |a Cristianismo |9 257361 | |
| 650 | 0 | |a Filosofía |9 223554 | |
| 650 | 7 | |a CATOLICIDAD |2 CL-VaPUC |9 319321 | |
| 650 | 0 | |a Dios |9 266622 | |
| 650 | 0 | |a Conceptos morales |9 310606 | |
| 583 | |a last modification |c 20160704 11:39:32 |k Rodrigo Vera | ||
| 999 | |c 233272 |d 233270 | ||
| 952 | |0 0 |1 0 |3 erb |4 0 |6 200_100000000000000_TEI_1959 |7 0 |8 A |9 238680 |a FDOHBE |b FDOHBE |e Huesbe Llanos, Marco Antonio, 1934- |i 5306701 |o 200.1 TEI 1959 |p 5306701 |r 2024-01-30 |w 2019-11-18 |y BK |z Catalogado en:20160708 |k HBE | ||